|
|
|
|
| LEADER |
00000nam0a2200000 4500 |
| 001 |
315234 |
| 005 |
20231102002746.0 |
| 010 |
|
|
|a 9785991659642
|
| 035 |
|
|
|a (RuTPU)RU\TPU\book\340667
|
| 090 |
|
|
|a 315234
|
| 100 |
|
|
|a 20160226d2016 m y0rusy50 ca
|
| 101 |
0 |
|
|a rus
|
| 102 |
|
|
|a RU
|
| 105 |
|
|
|a a j 001zy
|
| 200 |
1 |
|
|a Промышленный (В2В) маркетинг
|e учебник и практикум для бакалавриата и магистратуры
|f А. М. Чернышева, Т. Н. Якубова
|g Российский университет дружбы народов (РУДН)
|
| 210 |
|
|
|a Москва
|c Юрайт
|d 2016
|
| 215 |
|
|
|a 433 с.
|c ил.
|
| 225 |
1 |
|
|a Бакалавр и магистр. Академический курс
|
| 320 |
|
|
|a Библиогр.: с. 402.
|
| 330 |
|
|
|a Учебник соответствует дисциплине «Промышленный маркетинг», разработанный в соответствии с Федеральным государственным образовательным стандартом ВПО по направлению «Менеджмент», профиль «Маркетинг».Теоретическая часть учебника дополнена практикумом, содержащим контрольные вопросы, ситуационные задания, кейсы, тесты, что позволит студентам самостоятельно проверить и закрепить полученные знания.Для бакалавров и магистров очной и заочной формы обучения, а также слушателей системы, повышения квалификации и практических работников в сфере В2В маркетинга.
|
| 606 |
1 |
|
|a Промышленный маркетинг
|2 stltpush
|3 (RuTPU)RU\TPU\subj\75297
|9 87143
|
| 610 |
1 |
|
|a промышленность
|
| 610 |
1 |
|
|a рынок
|
| 610 |
1 |
|
|a промышленный рынок
|
| 610 |
1 |
|
|a продукция
|
| 610 |
1 |
|
|a промышленно-техническое назначение
|
| 610 |
1 |
|
|a маркетологи
|
| 610 |
1 |
|
|a товарная политика
|
| 610 |
1 |
|
|a анализ
|
| 610 |
1 |
|
|a формирование
|
| 610 |
1 |
|
|a портфолио-анализ
|
| 610 |
1 |
|
|a ABC-анализ
|
| 610 |
1 |
|
|a маркетинговое планирование
|
| 610 |
1 |
|
|a покупки
|
| 610 |
1 |
|
|a сбыт
|
| 610 |
1 |
|
|a сегментирование
|
| 610 |
1 |
|
|a каналы сбыта
|
| 610 |
1 |
|
|a управление
|
| 610 |
1 |
|
|a региональная политика
|
| 610 |
1 |
|
|a продвижение
|
| 610 |
1 |
|
|a пресс-конференции
|
| 610 |
1 |
|
|a событийный маркетинг
|
| 610 |
1 |
|
|a выставки
|
| 610 |
1 |
|
|a учебники
|
| 610 |
1 |
|
|a практикумы
|
| 686 |
|
|
|a У9(2)29-2я73
|v LBC/SL-A
|2 rubbk
|
| 700 |
|
1 |
|a Чернышева
|b А. М.
|g Анна Михайловна
|
| 701 |
|
1 |
|a Якубова
|b Т. Н.
|g Татьяна Николаевна
|
| 712 |
0 |
2 |
|a Российский университет дружбы народов (РУДН)
|c (Москва)
|c (1992- )
|2 stltpush
|3 (RuTPU)RU\TPU\col\4187
|
| 801 |
|
1 |
|a RU
|b 63413507
|c 20160226
|
| 801 |
|
2 |
|a RU
|b 63413507
|c 20160405
|g RCR
|
| 942 |
|
|
|c BK
|
| 951 |
|
|
|l 8.1
|l 8.3
|
| 959 |
|
|
|a 24/20160224
|d 1
|e 909,00
|f ЧЗГЛ:1
|